000 nem a22 a 4500
999 _c207798
_d207798
003 BLK
005 20230309141051.0
008 180412b bul rap|r|||| r0| c|bulo|
010 _aKNG00068503000
020 _a954-01-1811-5
040 _aBLK
041 _aBUL
_cBUL
080 _aРодинознание
_b372.48
_x(075.2)(084.4)
_z372.48(075.2)(084.4)
080 _aМетодика по природознание
_b372.850.2
_x(075.2)(084.4)
_z372.850.2(075.2)(084.4)
100 1 _aБосева, Мария Йорданова
_eпърви автор
_9367227
139 _aБългария
_bБ 92
245 1 0 _aАтлас и контурни карти със задачи по Човекът и обществото за ІV клас
_cМария Йорданова Босева; съавт. Магдалена Димитрова.
257 _aBGR
260 _aСофия
_bПросвета
_c2005
_fРусе : Дунав прес
300 _a48, 8 с.
_bс цв. ил.
_c29 см
380 _a3
650 4 _aАтласи
_9147824
653 _aатласи
653 _aучебни помагала
653 _aІV кл.
700 1 _aДимитрова, Магдалена
_eсъавт.
_gНиколова, Магдалена Димитрова
_9386857
710 1 _aБългария
_9241624
852 _aЦб Кр ІІ 322
856 4 _qpdf
_u
_i3.90
_ldisable
856 4 _qpdf
_u
_i3.90
_ldisable
942 _cKFI
_n0
_s1
944 _aCR
_c06.10.2006
_lф /
_kЛюдмила_Стоянова
944 _aED
_c04.02.2014
_lф /
999 _d207798
999 _d207798